Schaum's outline of theory and problems of electronic circuits / (Record no. 194243)
[ view plain ]
| 000 -LEADER | |
|---|---|
| fixed length control field | 00760 a2200169 4500 |
| 003 - CONTROL NUMBER IDENTIFIER | |
| control field | Nust |
| 005 - DATE AND TIME OF LATEST TRANSACTION | |
| control field | 20221128161852.0 |
| 040 ## - CATALOGING SOURCE | |
| Transcribing agency | Nust |
| 082 ## - DEWEY DECIMAL CLASSIFICATION NUMBER | |
| Classification number | 621.3815,LOW |
| 100 ## - MAIN ENTRY--PERSONAL NAME | |
| Personal name | Lowenberg, Edwin C. |
| 9 (RLIN) | 103723 |
| 245 ## - TITLE STATEMENT | |
| Title | Schaum's outline of theory and problems of electronic circuits / |
| Statement of responsibility, etc. | Edwin C. Lowenberg |
| 260 ## - PUBLICATION, DISTRIBUTION, ETC. | |
| Place of publication, distribution, etc. | New York |
| Name of publisher, distributor, etc. | McGraw Hill |
| Date of publication, distribution, etc. | c1967 |
| 300 ## - PHYSICAL DESCRIPTION | |
| Extent | 274 p. |
| 505 ## - FORMATTED CONTENTS NOTE | |
| Formatted contents note | Introduction (Page-1), One Port Electronic Control Devices (Page-10), Diode Applications (Page-32), General Two Port Networks (Page-50), Two Port Electronic Control Devices-I (Page-68), Two Port Electronic Control Devices-II (Page-121), Linear Amplifiers (Page-168), Electronic Amplifier Topics (Page-228). |
| 650 ## - SUBJECT ADDED ENTRY--TOPICAL TERM | |
| Topical term or geographic name entry element | Telecommunication engineering |
| 942 ## - ADDED ENTRY ELEMENTS (KOHA) | |
| Source of classification or shelving scheme | |
| Koha item type | Book |
| Withdrawn status | Lost status | Source of classification or shelving scheme | Damaged status | Not for loan | Permanent Location | Current Location | Shelving location | Date acquired | Full call number | Barcode | Date last seen | Price effective from | Koha item type | Public note |
|---|---|---|---|---|---|---|---|---|---|---|---|---|---|---|
| Military College of Signals (MCS) | Military College of Signals (MCS) | General Stacks | 12/12/2016 | 621.3815,LOW | MCS5450 | 12/08/2016 | 12/12/2016 | Book | Almirah No.33, Shelf No.1 |
